|
|
|
|
| LEADER |
00000nab a2200000 ar4500 |
| 001 |
vtls010116236 |
| 003 |
SK-MaSNL |
| 005 |
20260304220853.0 |
| 008 |
250708c2009 xo ||||||||||||00 b|slo |
| 015 |
|
|
|a SNBRA2010/07
|2 snkbucl
|
| 035 |
|
|
|a (uuid)8f47e3bc-d9fb-4bac-b778-7d738739fe3d
|
| 035 |
|
|
|a urn:nbn:sk:snk-ab1gh0
|
| 035 |
|
|
|a (urnnbn)urn:nbn:sk:snk:ar-003kax
|
| 040 |
|
|
|a SNKBUCL
|b slo
|c SNKBUCL
|e AACR2
|
| 041 |
0 |
|
|a slo
|
| 044 |
|
|
|a xo
|c SK
|
| 080 |
|
|
|a 94(=214.58)(437.6)"1939/1945"
|2 2001
|
| 080 |
|
|
|a 341.43(=214.58)
|x (437.6)
|x "1939/1945"
|2 2001
|
| 080 |
|
|
|a 371.3
|2 2001
|
| 080 |
|
|
|a 373.5/.6+377.1/.3
|x (437.6)
|2 2001
|
| 100 |
1 |
|
|a Janas, Karol,
|d 1970-
|4 aut
|9 104505
|
| 245 |
1 |
0 |
|a K problematike výučby o prenasledovaní slovenských Rómov v rokoch 1939-1945 na stredných školách
|c Karol Janas
|
| 504 |
|
|
|a Bibliogr. odkazy
|
| 648 |
|
7 |
|a 1939-1945
|2 snkbucl
|9 281648
|
| 650 |
0 |
7 |
|a Rómovia
|2 snkbucl
|9 1702
|
| 650 |
0 |
7 |
|a deportácie Rómov
|2 snkbucl
|9 90933
|
| 650 |
0 |
7 |
|a vyučovanie
|2 snkbucl
|9 1522
|
| 650 |
0 |
7 |
|a stredné školy
|2 snkbucl
|9 1279
|
| 651 |
|
7 |
|a Slovensko
|2 snkbucl
|
| 655 |
|
7 |
|a analýzy
|2 snkbucl
|9 22242
|
| 773 |
0 |
|
|t Acta judaica slovaca 15
|d Bratislava : Slovenské národné múzeum - Múzeum židovskej kultúry, 2009
|g S. 108-113
|z 9788080602420
|
| 850 |
|
|
|a Slovenská národná knižnica
|
| 852 |
|
|
|a Slovenská národná knižnica
|
| 954 |
|
|
|a odborná, vedecká literatúra pôvodná (slovenská)
|2 lita
|
| 958 |
|
|
|a article27
|
| 958 |
|
|
|a NB
|
| 958 |
|
|
|a RQ
|
| 958 |
|
|
|a OND
|
| 958 |
|
|
|a EUIPO
|
| 999 |
|
|
|c 3154708
|d 3156638
|